000 00252nam a2200109 a 4500
001 4140
005 20140414131909.0
008 090218s19uu xx 00 eng d
050 _aER
_bAl4 1996
245 _aAli Baba and the 40 thieves.
999 _c111125
_d111125